[Event "15th Dortmund Meeting"]
[Site "Dortmund GER"]
[Date "1987.??.??"]
[Round "6"]
[White "Hickl, Jorg"]
[Black "Bischoff, Klaus"]
[WhiteElo "2450"]
[BlackElo "2485"]
[Result "0-1"]
[EventDate "1987.04.??"]
[PlyCount "84"]

1.e4 Nf6 2.e5 Nd5 3.d4 d6 4.Bc4 Nb6 5.Bb3 d5 6.a4 e6 7.Nf3 c5 8.c3 Nc6 9.
O-O cxd4 10.cxd4 Be7 11.Nc3 Nb4 12.Qe2 a6 13.Bf4 Bd7 14.Nd1 Nc8 15.Nd2 h5 
16.Nf3 Na7 17.Qd2 Nac6 18.Bg5 f6 19.exf6 gxf6 20.Bh4 Qb6 21.Ne3 O-O-O 22.
Rfc1 Kb8 23.Bd1 Ka8 24.Rc3 Rdg8 25.h3 Qd8 26.Be2 Qf8 27.Kh1 Bd6 28.Bb5 Kb8
29.Bxc6 Nxc6 30.Nf1 Ka8 31.Rb3 Qg7 32.Ne1 f5 33.Rd1 f4 34.g3 Ne7 35.Bxe7 
Qxe7 36.Ra1 fxg3 37.fxg3 e5 38.dxe5 Qxe5 39.Nf3 Qf5 40.Ng1 d4 41.Rf3 Bc6 
42.Qg2 Qd7 0-1

[Event "15th Dortmund Meeting"]
[Site "Dortmund GER"]
[Date "1987.??.??"]
[Round "6"]
[White "Tukmakov, Vladimir"]
[Black "Agdestein, Simen"]
[WhiteElo "2575"]
[BlackElo "2560"]
[Result "1/2-1/2"]
[EventDate "1987.04.??"]
[PlyCount "111"]

1.d4 e6 2.Nf3 f5 3.g3 Nf6 4.Bg2 d5 5.O-O Bd6 6.c4 c6 7.b3 Qe7 8.Nbd2 b6 9.
Ne5 Bb7 10.Bb2 O-O 11.Rc1 a5 12.Nb1 Nbd7 13.cxd5 cxd5 14.Nc4 b5 15.Nxd6 
Qxd6 16.Nc3 Ba6 17.Qd2 Rfc8 18.f3 b4 19.Nd1 a4 20.Ne3 a3 21.Rxc8+ Rxc8 22.
Bc1 f4 23.gxf4 Qxf4 24.Rd1 Kf7 25.Nc2 Qxd2 26.Rxd2 Bb5 27.Kf2 Nb8 28.Ke1 
Be8 29.Kd1 Nc6 30.e3 Ke7 31.Ne1 Bg6 32.Bf1 e5 33.dxe5 Nxe5 34.Rd4 Nc6 35.
Rd2 Rb8 36.Bd3 Bh5 37.Rc2 Kd6 38.Bd2 Nd7 39.Be2 Rb7 40.Nd3 Nde5 41.Nc5 Re7
42.Na6 Rb7 43.Nc5 Rb6 44.f4 Bxe2+ 45.Kxe2 Ng4 46.h3 Nf6 47.Kf3 Rb5 48.Nd3 
Ne4 49.Be1 Nc5 50.Ke2 Nxd3 51.Kxd3 Ne7 52.e4 dxe4+ 53.Kxe4 g6 54.Rc4 Nc6 
55.Bg3 Kd7 56.Be1 1/2-1/2

[Event "15th Dortmund Meeting"]
[Site "Dortmund GER"]
[Date "1987.??.??"]
[Round "7"]
[White "Agdestein, Simen"]
[Black "Farago, Ivan"]
[WhiteElo "2560"]
[BlackElo "2535"]
[Result "1-0"]
[EventDate "1987.04.??"]
[PlyCount "101"]

1.d4 Nf6 2.c4 e6 3.Nf3 b6 4.a3 Ba6 5.Qc2 Bb7 6.Nc3 c5 7.e4 cxd4 8.Nxd4 d6 
9.Be2 Be7 10.O-O a6 11.f4 O-O 12.Be3 Qc7 13.Rac1 Re8 14.b4 Nbd7 15.Nb3 
Rac8 16.Qd3 Qb8 17.Bf3 Bd8 18.Rfe1 Bc7 19.Qd2 Qa8 20.Kh1 h6 21.Qd3 Qb8 22.
Rcd1 Nf8 23.g3 Rcd8 24.Kg1 N8d7 25.Bc1 Qa8 26.Bb2 Nh7 27.Rd2 Nhf6 28.Rc2 
Rc8 29.Kg2 Bb8 30.Nd1 Red8 31.Nf2 a5 32.Ng4 e5 33.Kh3 Nh7 34.Rec1 f5 35.
Nf2 Ndf6 36.Nd2 exf4 37.gxf4 d5 38.exd5 Bxf4 39.Kg2 Qb8 40.Qxf5 axb4 41.
axb4 Kh8 42.Nd3 Bxd2 43.Rxd2 Ng5 44.Nf4 Nxf3 45.Bxf6 Rd6 46.Bxg7+ Kxg7 47.
Kxf3 Rf8 48.Rg1+ Kh8 49.Qe5+ Rdf6 50.Qxb8 Rxb8 51.Rg6 1-0

[Event "15th Dortmund Meeting"]
[Site "Dortmund GER"]
[Date "1987.??.??"]
[Round "7"]
[White "Balashov, Yury"]
[Black "Schmittdiel, Eckhard"]
[WhiteElo "2525"]
[BlackElo "2430"]
[Result "1-0"]
[EventDate "1987.04.??"]
[PlyCount "83"]

1.e4 c5 2.Nc3 e6 3.Nf3 Nc6 4.Bb5 Nge7 5.O-O g6 6.d3 Bg7 7.Bf4 d6 8.Qd2 a6 
9.Bh6 O-O 10.Bxc6 Nxc6 11.Bxg7 Kxg7 12.h3 Qb6 13.Rab1 Bd7 14.Nh2 Nd4 15.
Nd1 f5 16.c3 Nc6 17.f4 d5 18.Ne3 d4 19.Nc4 Qc7 20.cxd4 Nxd4 21.Ne5 fxe4 
22.dxe4 Bb5 23.Rf2 Rad8 24.Qe3 g5 25.Re1 gxf4 26.Rxf4 Rxf4 27.Qxf4 Qe7 28.
Nhg4 Rf8 29.Qh6+ Kg8 30.Re3 Qg7 31.Qh4 Kh8 32.Kh2 Be2 33.Rg3 Bxg4 34.Nxg4 
Ne2 35.Re3 Nf4 36.e5 Ng6 37.Qg5 c4 38.Nf6 b5 39.Rg3 Rc8 40.h4 Qf7 41.h5 
Ne7 42.Ne4 1-0

[Event "15th Dortmund Meeting"]
[Site "Dortmund GER"]
[Date "1987.??.??"]
[Round "7"]
[White "Bischoff, Klaus"]
[Black "Ribli, Zoltan"]
[WhiteElo "2485"]
[BlackElo "2580"]
[Result "1/2-1/2"]
[EventDate "1987.04.??"]
[PlyCount "32"]

1.b3 Nf6 2.Bb2 g6 3.e4 Bg7 4.g3 e5 5.Bg2 Nc6 6.Ne2 d5 7.exd5 Nxd5 8.O-O 
Nde7 9.Na3 h5 10.Nc4 O-O 11.Re1 Bg4 12.h3 Be6 13.Nc1 Qd7 14.Kh2 f6 15.Nd3 
b6 16.f4 exf4 1/2-1/2

[Event "15th Dortmund Meeting"]
[Site "Dortmund GER"]
[Date "1987.??.??"]
[Round "7"]
[White "Hickl, Jorg"]
[Black "Andersson, Ulf"]
[WhiteElo "2450"]
[BlackElo "2600"]
[Result "1/2-1/2"]
[EventDate "1987.04.??"]
[PlyCount "71"]

1.e4 c5 2.c3 d5 3.d3 Nc6 4.Nd2 Nf6 5.Ngf3 e5 6.a3 Be7 7.b4 a6 8.Be2 O-O 9.
O-O Qc7 10.Re1 Rd8 11.Bf1 dxe4 12.dxe4 b5 13.Qc2 Bb7 14.g3 Bf8 15.Nb3 c4 
16.Nbd2 Rd7 17.Ng5 h6 18.Nh3 a5 19.Rb1 axb4 20.axb4 Bd6 21.f3 Qd8 22.Nf2 
Bc7 23.Bg2 Bb6 24.Nf1 Qc7 25.Be3 Ne7 26.Ra1 Rdd8 27.Red1 Rxd1 28.Rxa8+ 
Bxa8 29.Qxd1 Nc8 30.Qd2 Bc6 31.Bxb6 Nxb6 32.Bh3 Bd7 33.Bxd7 Qxd7 34.Qxd7 
Nfxd7 35.Ne3 Kf8 36.Kf1 1/2-1/2

[Event "15th Dortmund Meeting"]
[Site "Dortmund GER"]
[Date "1987.??.??"]
[Round "7"]
[White "Lau, Ralf"]
[Black "Marangunic, Srdan"]
[WhiteElo "2535"]
[BlackElo "2450"]
[Result "1/2-1/2"]
[EventDate "1987.04.??"]
[PlyCount "50"]

1.e4 d6 2.d4 Nf6 3.Nc3 g6 4.Be3 c6 5.Qd2 Nbd7 6.f3 e5 7.g4 Bg7 8.O-O-O h5 
9.g5 Nh7 10.f4 exf4 11.Bxf4 Nb6 12.h4 O-O 13.Qh2 Bg4 14.Be2 Bxe2 15.Ngxe2 
d5 16.exd5 Nxd5 17.Nxd5 Qxd5 18.Nc3 Qc4 19.Be5 Rfe8 20.Bxg7 Kxg7 21.Rd3 
Rad8 22.Rhd1 Qe6 23.b3 Qd6 24.Qf2 a6 25.Kb2 f5 1/2-1/2

[Event "15th Dortmund Meeting"]
[Site "Dortmund GER"]
[Date "1987.??.??"]
[Round "8"]
[White "Balashov, Yury"]
[Black "Nunn, John Denis Martin"]
[WhiteElo "2525"]
[BlackElo "2560"]
[Result "1/2-1/2"]
[EventDate "1987.04.??"]
[PlyCount "50"]

1.e4 e5 2.Bc4 Nf6 3.d3 Nc6 4.Nc3 Bb4 5.Ne2 d5 6.exd5 Nxd5 7.Bxd5 Qxd5 8.
O-O Qd8 9.f4 exf4 10.Bxf4 O-O 11.Qe1 Ne7 12.Qf2 Bg4 13.a3 Bxe2 14.Nxe2 Bd6
15.Rae1 Bxf4 16.Nxf4 Qd7 17.Re4 Ng6 18.Nxg6 hxg6 19.Rfe1 Rfe8 20.Qe3 Rxe4 
21.Qxe4 Qb5 22.Qe5 Qxe5 23.Rxe5 Kf8 24.Kf2 f6 25.Re4 g5 1/2-1/2

[Event "15th Dortmund Meeting"]
[Site "Dortmund GER"]
[Date "1987.??.??"]
[Round "8"]
[White "Farago, Ivan"]
[Black "Tukmakov, Vladimir"]
[WhiteElo "2535"]
[BlackElo "2575"]
[Result "0-1"]
[EventDate "1987.04.??"]
[PlyCount "112"]

1.d4 d5 2.c4 e6 3.Nc3 c6 4.e3 Nf6 5.Nf3 Nbd7 6.Bd3 dxc4 7.Bxc4 b5 8.Bd3 a6
9.e4 c5 10.d5 c4 11.dxe6 cxd3 12.exd7+ Qxd7 13.Bg5 Bb7 14.O-O Be7 15.e5 
Ne4 16.Bxe7 Kxe7 17.Qb3 Nxc3 18.Qxc3 Rhc8 19.e6 Rxc3 20.exd7 Bxf3 21.bxc3 
Be2 22.Rfb1 d2 23.f3 Kxd7 24.Kf2 Re8 25.Rb2 d1=Q 26.Rxd1+ Bxd1 27.Rd2+ Ke6
28.Rxd1 Rc8 29.Rd3 Rc4 30.Ke2 Ra4 31.Rd2 g5 32.Kd3 h5 33.Re2+ Kd5 34.Rd2 
Ke5 35.g3 Ra3 36.Re2+ Kd5 37.Rb2 f6 38.Kd2 Kc4 39.Rb4+ Kc5 40.Rb2 Kc4 41.
Rb4+ Kc5 42.Rb2 a5 43.Rc2 Kc4 44.h3 f5 45.Rb2 b4 46.cxb4 Rxf3 47.bxa5 Rxg3
48.h4 g4 49.Rb3 Rg2+ 50.Ke3 Rxa2 51.Rb8 Rxa5 52.Kf4 Kd3 53.Rb2 Rc5 54.Rg2 
Rc4+ 55.Kxf5 Ke3 56.Rg3+ Kf2 0-1

[Event "15th Dortmund Meeting"]
[Site "Dortmund GER"]
[Date "1987.??.??"]
[Round "8"]
[White "Hickl, Jorg"]
[Black "Lau, Ralf"]
[WhiteElo "2450"]
[BlackElo "2535"]
[Result "0-1"]
[EventDate "1987.04.??"]
[PlyCount "60"]

1.e4 c5 2.f4 g6 3.Nc3 Bg7 4.Nf3 Nc6 5.Bb5 Nd4 6.O-O a6 7.Bd3 d6 8.Nxd4 
cxd4 9.Ne2 Nf6 10.c3 dxc3 11.bxc3 O-O 12.Bc2 Qc7 13.a4 b6 14.Qe1 Bd7 15.
Kh1 b5 16.Ba3 bxa4 17.Ng3 Bb5 18.Rf3 Nd7 19.d4 Nb6 20.f5 Bc4 21.Ne2 Rac8 
22.Rh3 Bxe2 23.Qxe2 Bxd4 24.cxd4 Qxc2 25.Qe3 h5 26.Re1 Nc4 27.Qg3 Kg7 28.
Bc1 Nd2 29.Qe3 Qxc1 30.Rxh5 Nb3 0-1

[Event "15th Dortmund Meeting"]
[Site "Dortmund GER"]
[Date "1987.??.??"]
[Round "8"]
[White "Marangunic, Srdan"]
[Black "Agdestein, Simen"]
[WhiteElo "2450"]
[BlackElo "2560"]
[Result "0-1"]
[EventDate "1987.04.??"]
[PlyCount "128"]

1.Nf3 e6 2.g3 f5 3.Bg2 Nf6 4.d4 d5 5.c4 c6 6.Qc2 Bd6 7.Bf4 Bxf4 8.gxf4 O-O
9.Nbd2 Ne4 10.e3 Qe7 11.h4 Nd7 12.Bf1 c5 13.dxc5 Ndxc5 14.Nxe4 fxe4 15.Ne5
Bd7 16.Nxd7 Nxd7 17.cxd5 exd5 18.Qd2 Nb6 19.Be2 Rac8 20.Bg4 Rc5 21.Rd1 a5 
22.h5 Rf6 23.O-O Rfc6 24.Rc1 a4 25.Rxc5 Qxc5 26.Kg2 Kf7 27.Rg1 Nc4 28.Qc3 
d4 29.Qxd4 Qxd4 30.exd4 Rd6 31.Rc1 Rxd4 32.b3 axb3 33.axb3 Nd6 34.Rc5 h6 
35.Re5 Kf8 36.Kf1 Rd3 37.Be6 Rf3 38.f5 Rh3 39.Bd7 Rxh5 40.Re6 Nxf5 41.Rxe4
Nd6 42.Re3 Rh4 43.Bh3 Re4 44.Rc3 Kf7 45.Rd3 Ke7 46.Bg2 Rb4 47.Rc3 h5 48.
Bf3 h4 49.Re3+ Kf6 50.Bd5 Nf5 51.Re6+ Kg5 52.Kg2 Kf4 53.Bc4 b5 54.Rb6 Nd4 
55.Bg8 g5 56.Rf6+ Ke5 57.Rg6 Kf5 58.Rb6 g4 59.Bf7 Nxb3 60.Be8 Nd4 61.Bd7+ 
Kg5 62.Rd6 h3+ 63.Kh2 Nf3+ 64.Kg3 h2 0-1

[Event "15th Dortmund Meeting"]
[Site "Dortmund GER"]
[Date "1987.??.??"]
[Round "8"]
[White "Schmittdiel, Eckhard"]
[Black "Bischoff, Klaus"]
[WhiteElo "2430"]
[BlackElo "2485"]
[Result "0-1"]
[EventDate "1987.04.??"]
[PlyCount "44"]

1.e4 d6 2.d4 g6 3.Bc4 Nf6 4.Qe2 Nc6 5.Nf3 Bg4 6.c3 e5 7.Bb5 Nd7 8.O-O exd4
9.Bxc6 bxc6 10.cxd4 Bg7 11.Be3 Rb8 12.Nc3 O-O 13.Rab1 Nb6 14.Rbc1 f5 15.e5
f4 16.Bd2 dxe5 17.dxe5 Bxf3 18.gxf3 Rf5 19.Kh1 Rxe5 20.Ne4 Nd5 21.Rxc6 
Rxb2 22.Rd1 Qd7 0-1

[Event "15th Dortmund Meeting"]
[Site "Dortmund GER"]
[Date "1987.??.??"]
[Round "9"]
[White "Agdestein, Simen"]
[Black "Hickl, Jorg"]
[WhiteElo "2560"]
[BlackElo "2450"]
[Result "1-0"]
[EventDate "1987.04.??"]
[PlyCount "107"]

1.d4 Nf6 2.Nf3 g6 3.c4 c5 4.Nc3 Bg7 5.e4 O-O 6.d5 d6 7.Be2 Na6 8.O-O Nc7 
9.h3 e5 10.Ne1 b6 11.Nd3 Ba6 12.b3 b5 13.cxb5 Nxb5 14.Nxb5 Bxb5 15.Nb2 a6 
16.Bg5 Qb8 17.Qc2 Bxe2 18.Qxe2 Nh5 19.Nc4 Ra7 20.Na5 Qb6 21.Nc6 Rd7 22.
Rab1 h6 23.Bd2 f5 24.a4 Kh7 25.Ba5 Qb7 26.b4 Nf4 27.Qc4 cxb4 28.Rxb4 Qa8 
29.Kh2 fxe4 30.Qxe4 Rdf7 31.g3 Nh5 32.Bb6 Rf3 33.Rfb1 Qc8 34.Qg4 Qe8 35.
Qe6 Rxf2+ 36.Bxf2 Rxf2+ 37.Kg1 Qf8 38.Rb8 Qf7 39.Qxf7 Rxf7 40.Kg2 e4 41.
Rf1 Rc7 42.Rb6 e3 43.Rxa6 Bc3 44.g4 e2 45.gxh5 gxh5 46.Rb1 e1=Q 47.Rxe1 
Bxe1 48.Ra7 Rxa7 49.Nxa7 Kg6 50.Nc6 Kf5 51.Kf3 Bc3 52.Ke3 h4 53.Kd3 Be1 
54.a5 1-0

[Event "15th Dortmund Meeting"]
[Site "Dortmund GER"]
[Date "1987.??.??"]
[Round "9"]
[White "Bischoff, Klaus"]
[Black "Balashov, Yury"]
[WhiteElo "2485"]
[BlackElo "2525"]
[Result "1/2-1/2"]
[EventDate "1987.04.??"]
[PlyCount "35"]

1.d4 d5 2.Nf3 Nf6 3.c4 dxc4 4.e3 e6 5.Bxc4 c5 6.O-O a6 7.a4 Nc6 8.Qe2 Qc7 
9.Nc3 Bd6 10.Rd1 O-O 11.h3 Re8 12.d5 exd5 13.Nxd5 Nxd5 14.Bxd5 Be6 15.Bxe6
Rxe6 16.Bd2 Nd4 17.Nxd4 cxd4 18.Qd3 1/2-1/2

[Event "15th Dortmund Meeting"]
[Site "Dortmund GER"]
[Date "1987.??.??"]
[Round "9"]
[White "Schmittdiel, Eckhard"]
[Black "Andersson, Ulf"]
[WhiteElo "2430"]
[BlackElo "2600"]
[Result "0-1"]
[EventDate "1987.04.??"]
[PlyCount "60"]

1.e4 c5 2.c3 d5 3.exd5 Qxd5 4.d4 Nf6 5.Nf3 Nc6 6.Na3 Bg4 7.Be2 cxd4 8.Nb5 
O-O-O 9.Nbxd4 e5 10.Nxc6 Qxc6 11.Qb3 Be6 12.c4 Bc5 13.h3 Qe4 14.Be3 Bxe3 
15.fxe3 Qg6 16.g4 Ne4 17.Bd3 f5 18.Qa3 fxg4 19.hxg4 Qxg4 20.O-O-O Qxf3 21.
Qxa7 Nf2 22.Qa8+ Kc7 23.Qa5+ b6 24.Qxe5+ Kb7 25.Qxg7+ Ka6 26.b4 Nxd3+ 27.
Rxd3 Qxh1+ 28.Kc2 Qh2+ 29.Kc1 Rxd3 30.b5+ Ka5 0-1

[Event "15th Dortmund Meeting"]
[Site "Dortmund GER"]
[Date "1987.??.??"]
[Round "9"]
[White "Tukmakov, Vladimir"]
[Black "Marangunic, Srdan"]
[WhiteElo "2575"]
[BlackElo "2450"]
[Result "1-0"]
[EventDate "1987.04.??"]
[PlyCount "121"]

1.d4 d6 2.Nf3 Bg4 3.e4 Nf6 4.h3 Bxf3 5.Qxf3 c6 6.Be3 e5 7.dxe5 dxe5 8.Nd2 
Nbd7 9.O-O-O Qc7 10.g4 Nb6 11.Nc4 Nfd7 12.Qf5 Be7 13.Be2 g6 14.Bxb6 axb6 
15.Rxd7 Qxd7 16.Qxd7+ Kxd7 17.Nxb6+ Kc7 18.Nxa8+ Rxa8 19.a3 Rd8 20.Bd3 Bh4
21.f3 Rd7 22.b4 Rd4 23.Kd2 Rd8 24.Kc3 Be7 25.h4 h6 26.h5 gxh5 27.Rxh5 Bg5 
28.Rh1 f6 29.a4 Rd4 30.a5 Kb8 31.Rb1 Kc7 32.Ra1 Rd8 33.Kb3 Be3 34.Re1 Bd2 
35.Rd1 Be3 36.Re1 Bd2 37.Re2 Bf4 38.Kc3 Bg5 39.Re1 Bf4 40.Rb1 Be3 41.b5 
cxb5 42.Kb4 Bd2+ 43.Kxb5 Ra8 44.Ra1 Ra6 45.Bc4 Ra8 46.Bd5 Ra6 47.Ra3 Kb8 
48.c3 Kc7 49.Rb3 Be3 50.Rb2 Ra7 51.c4 Ra8 52.c5 Ra7 53.Rc2 Kd8 54.Kb6 Ra6+
55.Kb5 Ra7 56.c6 bxc6+ 57.Rxc6 Bg5 58.a6 Be3 59.Rxf6 Re7 60.Kc6 Ra7 61.
Rf8+ 1-0

[Event "15th Dortmund Meeting"]
[Site "Dortmund GER"]
[Date "1987.??.??"]
[Round "10"]
[White "Balashov, Yury"]
[Black "Andersson, Ulf"]
[WhiteElo "2525"]
[BlackElo "2600"]
[Result "1/2-1/2"]
[EventDate "1987.04.??"]
[PlyCount "51"]

1.e4 c5 2.Nf3 e6 3.d4 cxd4 4.Nxd4 Nc6 5.Nc3 a6 6.Be3 Nf6 7.Bd3 d5 8.exd5 
exd5 9.Qe2 Be7 10.f3 O-O 11.Qf2 Re8 12.O-O Bd6 13.Nxc6 bxc6 14.Bc5 Bxc5 
15.Qxc5 Qc7 16.Qd4 Qa7 17.Qxa7 Rxa7 18.Rfe1 Kf8 19.Na4 a5 20.Kf2 Rc7 21.c4
Ba6 22.Rxe8+ Kxe8 23.Re1+ Kd8 24.Rd1 Ke7 25.cxd5 Bxd3 26.Rxd3 1/2-1/2

[Event "15th Dortmund Meeting"]
[Site "Dortmund GER"]
[Date "1987.??.??"]
[Round "10"]
[White "Hickl, Jorg"]
[Black "Tukmakov, Vladimir"]
[WhiteElo "2450"]
[BlackElo "2575"]
[Result "1/2-1/2"]
[EventDate "1987.04.??"]
[PlyCount "121"]

1.e4 c6 2.d3 d5 3.Nd2 g6 4.Ngf3 Bg7 5.c3 e5 6.Be2 Ne7 7.d4 exd4 8.Nxd4 O-O
9.O-O c5 10.N4f3 d4 11.Qc2 Nbc6 12.Nb3 Qb6 13.Bf4 Be6 14.Nfd2 Ne5 15.Bxe5 
Bxe5 16.Nc4 Bxc4 17.Bxc4 dxc3 18.bxc3 Qc7 19.g3 Bg7 20.Kg2 Nc8 21.Rad1 Nb6
22.Na5 Rad8 23.Rfe1 a6 24.f4 Nc8 25.Nb3 b5 26.Be2 c4 27.Nd4 Rfe8 28.e5 f6 
29.exf6 Bxf6 30.f5 Bxd4 31.cxd4 Ne7 32.Bg4 Nd5 33.Qf2 Qf7 34.Qf3 Kg7 35.
Re5 Rxe5 36.dxe5 gxf5 37.Bxf5 Ne3+ 38.Qxe3 Rxd1 39.Qg5+ Kf8 40.e6 Qg7 41.
Qf4 Qf6 42.g4 h6 43.a4 Rd8 44.axb5 axb5 45.Kg3 b4 46.Qc7 c3 47.Kh3 Qe7 48.
Qe5 Kg8 49.Bg6 Rf8 50.Qd5 Kg7 51.Bf5 Rf6 52.Qc6 h5 53.Qe4 hxg4+ 54.Kxg4 
Rh6 55.Kf3 Rxh2 56.Qg4+ Kf8 57.Qf4 Rh4 58.Qb8+ Kg7 59.Qg3+ Kh8 60.Qb8+ Kg7
61.Qg3+ 1/2-1/2

[Event "15th Dortmund Meeting"]
[Site "Dortmund GER"]
[Date "1987.??.??"]
[Round "10"]
[White "Nunn, John Denis Martin"]
[Black "Bischoff, Klaus"]
[WhiteElo "2560"]
[BlackElo "2485"]
[Result "1-0"]
[EventDate "1987.04.??"]
[PlyCount "123"]

1.e4 e6 2.d4 c5 3.Nf3 cxd4 4.Nxd4 a6 5.Bd3 Nf6 6.O-O d6 7.c4 Bd7 8.Nc3 Nc6
9.Nxc6 Bxc6 10.Qe2 Be7 11.b3 O-O 12.Bb2 Qb8 13.a4 Re8 14.Rae1 Nd7 15.f4 
Bh4 16.Rd1 Bf6 17.b4 Bd4+ 18.Kh1 Nf6 19.b5 Bd7 20.e5 dxe5 21.Ne4 Nxe4 22.
Bxd4 exd4 23.Qxe4 g6 24.Qxd4 Re7 25.c5 axb5 26.axb5 Be8 27.Qb4 Rd7 28.h3 
Qd8 29.Be2 Ra2 30.Bf3 Qc7 31.Rxd7 Bxd7 32.Rd1 Be8 33.c6 bxc6 34.b6 Qb7 35.
Rd8 Ra8 36.Rxa8 Qxa8 37.Qd6 Qb7 38.Qd8 Kf8 39.Be2 h5 40.Kg1 h4 41.Kf2 Kg7 
42.Qc7 Qxc7 43.bxc7 Bd7 44.Ba6 f5 45.Ke3 c5 46.Kd3 Kf6 47.Kc4 e5 48.Kxc5 
exf4 49.Kd6 Be6 50.Bb7 g5 51.Bc6 Bc8 52.Bd7 Ba6 53.Kc6 g4 54.Kb6 f3 55.
gxf3 gxh3 56.Kxa6 h2 57.c8=Q h1=Q 58.Qf8+ Ke5 59.Qxf5+ Kd4 60.Qe4+ Kc3 61.
Qe3+ Kc2 62.Ba4+ 1-0

[Event "15th Dortmund Meeting"]
[Site "Dortmund GER"]
[Date "1987.??.??"]
[Round "10"]
[White "Schmittdiel, Eckhard"]
[Black "Lau, Ralf"]
[WhiteElo "2430"]
[BlackElo "2535"]
[Result "0-1"]
[EventDate "1987.04.??"]
[PlyCount "68"]

1.e4 c5 2.c3 d5 3.exd5 Qxd5 4.d4 Nf6 5.Nf3 Nc6 6.Be2 cxd4 7.cxd4 e6 8.O-O 
Be7 9.Nc3 Qd6 10.a3 O-O 11.Bg5 Nd5 12.Ne4 Qd8 13.Be3 b6 14.Qd3 Bb7 15.Rac1
Rc8 16.Rfd1 h6 17.b4 Rc7 18.Nc3 Rc8 19.Bf1 Nxc3 20.Rxc3 Bf6 21.Rdc1 Qd6 
22.Nd2 Be7 23.Qe4 f5 24.Qf3 f4 25.Ne4 Qd7 26.Bxf4 Bg5 27.Nxg5 hxg5 28.Qh5 
Rxf4 29.Rh3 Qxd4 30.Qh7+ Kf7 31.Qh5+ Kf6 32.Re3 Qd2 33.Rxe6+ Kxe6 34.Qg6+ 
Rf6 0-1

[Event "15th Dortmund Meeting"]
[Site "Dortmund GER"]
[Date "1987.??.??"]
[Round "11"]
[White "Agdestein, Simen"]
[Black "Schmittdiel, Eckhard"]
[WhiteElo "2560"]
[BlackElo "2430"]
[Result "0-1"]
[EventDate "1987.04.??"]
[PlyCount "80"]

1.d4 Nf6 2.c4 e6 3.Nf3 Bb4+ 4.Bd2 c5 5.Bxb4 cxb4 6.a3 bxa3 7.Nxa3 O-O 8.b4
Nc6 9.Nc2 d6 10.e3 Qc7 11.Ra4 b6 12.Qa1 Bb7 13.Be2 a5 14.b5 Nb8 15.O-O 
Nbd7 16.Rc1 Rac8 17.Nd2 e5 18.Nb3 Rfe8 19.Bf1 Qd8 20.Ne1 Qe7 21.Ra2 Ne4 
22.Rac2 Qg5 23.Nd3 exd4 24.exd4 Re6 25.Re1 Rh6 26.f3 Qh4 27.fxe4 Qxh2+ 28.
Kf2 Rf6+ 29.Ke2 Bxe4 30.Qc3 Bf3+ 31.Kd2 Qh6+ 32.Re3 Re8 33.Ne5 dxe5 34.
gxf3 Rxf3 35.Ke2 Qh5 36.d5 Rf4+ 37.Ke1 Qh4+ 38.Rg3 Nf6 39.Rg2 Ne4 40.Qd3 
Rg4 0-1

[Event "15th Dortmund Meeting"]
[Site "Dortmund GER"]
[Date "1987.??.??"]
[Round "11"]
[White "Bischoff, Klaus"]
[Black "Andersson, Ulf"]
[WhiteElo "2485"]
[BlackElo "2600"]
[Result "0-1"]
[EventDate "1987.04.??"]
[PlyCount "74"]

1.c4 Nf6 2.Nf3 e6 3.g3 d5 4.Bg2 Be7 5.O-O O-O 6.b3 c5 7.Bb2 b6 8.e3 Bb7 9.
Qe2 Nbd7 10.d3 Qc7 11.Nc3 Rad8 12.e4 d4 13.Nd1 g6 14.Ne1 e5 15.Bh3 Nh5 16.
Bc1 Ng7 17.f4 f5 18.Nf2 Bd6 19.Ng2 Rde8 20.fxe5 Nxe5 21.Nf4 g5 22.Nd5 Bxd5
23.cxd5 g4 24.Bg2 Nf3+ 25.Bxf3 gxf3 26.Qxf3 fxe4 27.Qg2 e3 28.Ne4 Rxf1+ 
29.Qxf1 Be5 30.Bb2 Qd7 31.Qg2 Rd8 32.b4 cxb4 33.d6 Nf5 34.Rf1 Nxd6 35.Ng5 
Qb7 36.Qh3 Re8 37.Rf7 Nxf7 0-1

[Event "15th Dortmund Meeting"]
[Site "Dortmund GER"]
[Date "1987.??.??"]
[Round "11"]
[White "Farago, Ivan"]
[Black "Hickl, Jorg"]
[WhiteElo "2535"]
[BlackElo "2450"]
[Result "1/2-1/2"]
[EventDate "1987.04.??"]
[PlyCount "80"]

1.d4 Nf6 2.c4 c5 3.d5 d6 4.Nc3 g6 5.e4 Bg7 6.h3 O-O 7.Nf3 e5 8.Bg5 Na6 9.
Be2 Bd7 10.O-O h6 11.Bd2 Nh5 12.Qc1 Kh7 13.Nh2 Qh4 14.Bxh5 Qxh5 15.a3 f5 
16.Qd1 Qh4 17.Qe2 Rf7 18.f3 f4 19.Rab1 Bf6 20.Nb5 Be7 21.Ng4 Qg5 22.Be1 
Bf8 23.Kh1 h5 24.Nf2 Qd8 25.Nd3 Nc7 26.Nxc7 Qxc7 27.b4 b6 28.bxc5 bxc5 29.
Bc3 Rb8 30.Rb2 Rxb2 31.Qxb2 Bc8 32.Qb5 a6 33.Qb2 Qb7 34.Rb1 Qxb2 35.Rxb2 
Rb7 36.Rxb7+ Bxb7 37.Ba5 Be7 38.Nb2 Kg7 39.Na4 Kf7 40.Bc7 Ke8 1/2-1/2

[Event "15th Dortmund Meeting"]
[Site "Dortmund GER"]
[Date "1987.??.??"]
[Round "11"]
[White "Lau, Ralf"]
[Black "Balashov, Yury"]
[WhiteElo "2535"]
[BlackElo "2525"]
[Result "0-1"]
[EventDate "1987.04.??"]
[PlyCount "110"]

1.e4 c5 2.Nf3 e6 3.d4 cxd4 4.Nxd4 Nc6 5.Nc3 d6 6.g3 Nf6 7.Bg2 Bd7 8.O-O 
Nxd4 9.Qxd4 Qc7 10.h3 Be7 11.Be3 Bc6 12.Rfd1 O-O 13.a4 a6 14.a5 Nd7 15.Kh2
Rac8 16.Qd2 Ne5 17.b3 Be8 18.Bd4 Bf6 19.Ra2 Bc6 20.f4 Nd7 21.Bxf6 Nxf6 22.
Qxd6 Qxd6 23.Rxd6 Rfd8 24.Rd3 Kf8 25.Ra1 Rxd3 26.cxd3 Rd8 27.Bf1 Rd4 28.
Kg2 Nd7 29.Kf2 Rb4 30.Rb1 Nc5 31.Ke3 Rxb3 32.Kd4 Rxb1 33.Nxb1 Nb3+ 34.Kc4 
Nxa5+ 35.Kc5 Nb3+ 36.Kc4 Ba4 37.Kc3 b5 38.d4 Ke7 39.Na3 Na5 40.Kb4 Nc6+ 
41.Kc5 Na5 42.d5 Nb3+ 43.Kb6 Nd2 44.Bd3 exd5 45.exd5 Kd6 46.Kxa6 b4 47.Nb1
Nxb1 48.Ka5 Nd2 49.Kxa4 b3 50.Ka3 h6 51.Kb2 Kxd5 52.Kc3 Ne4+ 53.Kxb3 Kd4 
54.Kc2 Nxg3 55.Kd2 Nh5 0-1

[Event "15th Dortmund Meeting"]
[Site "Dortmund GER"]
[Date "1987.??.??"]
[Round "11"]
[White "Marangunic, Srdan"]
[Black "Nunn, John Denis Martin"]
[WhiteElo "2450"]
[BlackElo "2560"]
[Result "1/2-1/2"]
[EventDate "1987.04.??"]
[PlyCount "24"]

1.Nf3 Nf6 2.d3 d5 3.c3 Nbd7 4.Qc2 e5 5.e4 c6 6.Be2 Bd6 7.Bg5 h6 8.Bh4 b6 
9.Nbd2 Bb7 10.d4 O-O 11.dxe5 Nxe5 12.exd5 Ng6 1/2-1/2

[Event "15th Dortmund Meeting"]
[Site "Dortmund GER"]
[Date "1987.??.??"]
[Round "11"]
[White "Tukmakov, Vladimir"]
[Black "Ribli, Zoltan"]
[WhiteElo "2575"]
[BlackElo "2580"]
[Result "1/2-1/2"]
[EventDate "1987.04.??"]
[PlyCount "26"]

1.d4 d5 2.c4 c6 3.e3 Nf6 4.Nc3 e6 5.Nf3 Nbd7 6.Bd3 dxc4 7.Bxc4 b5 8.Bd3 a6
9.a4 b4 10.Ne4 c5 11.Nxf6+ Nxf6 12.O-O Bb7 13.a5 Be7 1/2-1/2